000 00322nam a22001457a 4500
008 210514b ||||| |||| 00| 0 eng d
020 _a2800130304577
041 _aeng
080 _a610.73
082 _a610.73
100 _a1
101 _aINF
245 _aMedical-Surgical Nursing
_cMary A. Hogan
942 _2udc
_cBK
999 _c57360
_d57360